Witness to the world : (Record no. 1775)
[ view plain ]
| 000 -LEADER | |
|---|---|
| fixed length control field | 00794pam a2200253 i 4500 |
| 001 - CONTROL NUMBER | |
| control field | 2283444 |
| 003 - CONTROL NUMBER IDENTIFIER | |
| control field | GBCCL |
| 005 - DATE AND TIME OF LATEST TRANSACTION | |
| control field | 20241126110409.0 |
| 008 - FIXED-LENGTH DATA ELEMENTS--GENERAL INFORMATION | |
| fixed length control field | 791105s1980 gau b 001 0 eng |
| 010 ## - | |
| -- | 79091241 |
| 040 ## - CATALOGING SOURCE | |
| Original cataloging agency | DLC |
| Transcribing agency | DLC |
| Modifying agency | DLC |
| 050 00 - | |
| -- | BV2063 |
| -- | .B65 1980 |
| 082 00 - DEWEY DECIMAL CLASSIFICATION NUMBER | |
| Classification number | 266.001 |
| Edition information | 19 |
| Item number | BOS |
| 100 1# - MAIN ENTRY--PERSONAL NAME | |
| Personal name | Bosch, David Jacobus. |
| 9 (RLIN) | 8 |
| 245 10 - TITLE STATEMENT | |
| Title | Witness to the world : |
| Remainder of title | the Christian mission in theological perspective / |
| Statement of responsibility, etc. | David J. Bosch. |
| 260 ## - PUBLICATION, DISTRIBUTION, ETC. | |
| Place of publication, distribution, etc. | Atlanta : |
| Name of publisher, distributor, etc. | John Knox Press, |
| Date of publication, distribution, etc. | 1980. |
| 300 ## - PHYSICAL DESCRIPTION | |
| Extent | x, 277 p. ; |
| Dimensions | 23 cm. |
| 440 #0 - SERIES STATEMENT/ADDED ENTRY--TITLE | |
| Title | New foundations theological library |
| 9 (RLIN) | 3674 |
| 500 ## - GENERAL NOTE | |
| General note | Includes indexes. |
| 504 ## - BIBLIOGRAPHY, ETC. NOTE | |
| Bibliography, etc. note | Bibliography: p. [264]-266. |
| 650 #0 - SUBJECT ADDED ENTRY--TOPICAL TERM | |
| Topical term or geographic name entry element | Missions |
| General subdivision | Theory. |
| 9 (RLIN) | 48 |
| 906 ## - LOCAL DATA ELEMENT F, LDF (RLIN) | |
| a | 7 |
| b | cbc |
| c | orignew |
| d | 1 |
| e | opcn |
| f | 19 |
| g | y-gencatlg |
| 942 ## - ADDED ENTRY ELEMENTS (KOHA) | |
| Source of classification or shelving scheme | Dewey Decimal Classification |
| Koha item type | Books |
| Koha issues (borrowed), all copies | 15 |
| Withdrawn status | Lost status | Source of classification or shelving scheme | Damaged status | Not for loan | Home library | Current Library | Shelving location | Date acquired | Total checkouts | Full call number | Barcode | Date last seen | Date last checked out | Copy number | Price effective from | Koha item type | Total renewals |
|---|---|---|---|---|---|---|---|---|---|---|---|---|---|---|---|---|---|
| Dewey Decimal Classification | GRACE BIBLE COLLEGE | GRACE BIBLE COLLEGE | Ministry & Mission | 2017-05-25 | 6 | 266.001 BOS | 010340 | 2025-07-16 | 2025-07-09 | c.2 | 2017-05-25 | Books | |||||
| Dewey Decimal Classification | GRACE BIBLE COLLEGE | GRACE BIBLE COLLEGE | Ministry & Mission | 2017-05-25 | 5 | 266.001 BOS | 010339 | 2025-05-01 | 2020-03-16 | c.1 | 2017-05-25 | Books | |||||
| Dewey Decimal Classification | GRACE BIBLE COLLEGE | GRACE BIBLE COLLEGE | Ministry & Mission | 2017-05-25 | 7 | 266.001 BOS | 010341 | 2025-07-09 | 2025-07-02 | c.3 | 2017-05-25 | Books | 1 |